Missing Word: British Humour Quiz Stats

 Plays Quiz Updated May 28, 2014

     
Support Sporcle.
Go Orange.
Score 0/18 Timer 04:00
0 Plays Today
Comedic Entity Missing Word % Correct
_____ PythonMonty
99.2%
_____ GervaisRicky
89.6%
One ____ in the GraveFoot
87.7%
Fawlty ______Towers
87.2%
Sacha _____ CohenBaron
85.1%
______ AtkinsonRowan
81.8%
Yes, _____ MinisterPrime
73.3%
____ PeggSimon
70.6%
Absolutely ______Fabulous
68.5%
Comedic Entity Missing Word % Correct
______ SellersPeter
68%
Are you Being _____?Served
67.2%
The _____ RonniesTwo
56.1%
The Catherine _____ ShowTate
51.1%
Little _____ (Walliams & Lucas)Britain
51.1%
A Bit of ____ and LaurieFry
48.1%
The _____ BooshMighty
46.8%
Morecambe and _____Wise
46.2%
That Mitchell and _____ LookWebb
41.6%

Today's Daily Dose

Get the Picture
Alien TV Shows

From the Vault

Clickable Monopoly States

by EMyre

Gaming 60s
Sorry, 'Go' and 'Free Parking' aren't US states. Yet.
Remove Ads.
Support Sporcle.
Get the best of Sporcle when you Go Orange. This ad-free experience offers more features, more stats, and more fun while also helping to support Sporcle. Thank you for becoming a member.

Show Comments

Extras

Top Quizzes Today


Score Distribution

Your Account Isn't Verified!

In order to create a playlist on Sporcle, you need to verify the email address you used during registration. Go to your Sporcle Settings to finish the process.

Report this User

Report this user for behavior that violates our Community Guidelines.

Details: